Orsola Mezzini

Saved in:  
Bibliographic Details
Main Author: Di Serafino, Gabriella (Author)
Format: Print Book
Language:Italian
Subito Delivery Service: Order now.
Check availability: HBZ Gateway
WorldCat: WorldCat
Interlibrary Loan:Interlibrary Loan for the Fachinformationsdienste (Specialized Information Services in Germany)
Published: Bologna Ed. Eco 1995
In:Year: 1995
Further subjects:B Mezzini, Orsola (1853-1919)

MARC

LEADER 00000cam a2200000 c 4500
001 1336571853
003 DE-627
005 20220613105024.0
007 tu
008 070712s1995 it ||||| 00| ||ita c
035 |a (DE-627)1336571853 
035 |a (DE-576)266571859 
035 |a (DE-599)BSZ266571859 
035 |a (OCoLC)315867053 
040 |a DE-627  |b ger  |c DE-627  |e rakwb 
041 |a ita 
044 |c XA-IT 
084 |a 1  |2 ssgn 
100 1 |0 (DE-627)1336571675  |0 (DE-576)266571670  |4 aut  |a Di Serafino, Gabriella 
109 |a Di Serafino, Gabriella  |a Serafino, Gabriella Di 
245 1 0 |a Orsola Mezzini  |c Gabriella Di Serafino 
264 1 |a Bologna  |b Ed. Eco  |c 1995 
300 |a 47 S. 
336 |a Text  |b txt  |2 rdacontent 
337 |a ohne Hilfsmittel zu benutzen  |b n  |2 rdamedia 
338 |a Band  |b nc  |2 rdacarrier 
600 1 7 |0 (DE-588)1138858773  |0 (DE-627)89652227X  |0 (DE-576)49275019X  |a Mezzini, Orsola  |d 1853-1919  |2 gnd 
951 |a BO 
ELC |b 1 
ORI |a SA-MARC-ixtheo_oa001.raw 
SYA 0 0 |a Mezzini, Ursula,1853-1919